000 01066nam a2200217Ia 4500
999 _c47893
_d47893
001 14770
003 GE_BSU
005 20241122120805.0
008 181216s2015||||ge |||||||||||||| ||geo||
020 _a9789941224911
040 _cGE_BSU
041 _ageo
080 _a39 ს-90
245 _aსტუდენტ ეთნოლოგთა სამეცნიერო ნაშრომები /
_cრედ. როლანდ თოფჩიშვილი ; ეთნოლოგიის სასწავლო-სამეცნიერო ინ-ტი.
264 _aთბილისი :
_bუნივერსალი,
_c2015.
300 _a82 გვ. ;
_c20 სმ.
653 _aსტუდენტ ეთნოლოგია სამეცნიერო ნაშრომებში
700 _aთოფჩიშვილი, როლანდ
_eრედაქტორი
_923768
710 _aეთნოლოგიის სასწავლო-სამეცნიერო ინ-ტი
_923769
942 _cBK
_2udc